Moral uncertainty [electronic resource] / (Record no. 52813)
[ view plain ]
| 000 -LEADER | |
|---|---|
| fixed length control field | 01484cam a2200313 i 4500 |
| 001 - CONTROL NUMBER | |
| control field | b22033269 |
| 005 - DATE AND TIME OF LATEST TRANSACTION | |
| control field | 20240516134514.0 |
| 008 - FIXED-LENGTH DATA ELEMENTS--GENERAL INFORMATION | |
| fixed length control field | 191015s2020 enka b 001 0 eng d |
| 020 ## - INTERNATIONAL STANDARD BOOK NUMBER | |
| International Standard Book Number | 0198722273 |
| 020 ## - INTERNATIONAL STANDARD BOOK NUMBER | |
| International Standard Book Number | 9780198722274 |
| 040 ## - CATALOGING SOURCE | |
| Original cataloging agency | PCCU |
| Language of cataloging | eng |
| Transcribing agency | PCCU |
| 042 ## - AUTHENTICATION CODE | |
| Authentication code | nbic |
| 100 1# - MAIN ENTRY--PERSONAL NAME | |
| Personal name | MacAskill, William, |
| Dates associated with a name | 1987- |
| Relator term | author. |
| 245 10 - TITLE STATEMENT | |
| Title | Moral uncertainty [electronic resource] / |
| Statement of responsibility, etc | William MacAskill, Krister Bykvist and Toby Ord. |
| 260 ## - PUBLICATION, DISTRIBUTION, ETC. (IMPRINT) | |
| Place of publication, distribution, etc | Oxford : |
| Name of publisher, distributor, etc | Oxford University Press, |
| Date of publication, distribution, etc | c2020. |
| 300 ## - PHYSICAL DESCRIPTION | |
| Extent | 237 pages : |
| 336 ## - CONTENT TYPE | |
| Content Type Term | text |
| Content Type Code | txt |
| Source | rdacontent. |
| 337 ## - MEDIA TYPE | |
| Media Type Term | computer |
| Media Type Code | n |
| Source | rdamedia. |
| 338 ## - CARRIER TYPE | |
| Carrier Type Term | online resource |
| Source | rdacarrier. |
| 504 ## - BIBLIOGRAPHY, ETC. NOTE | |
| Bibliography, etc | Includes bibliographical references and index. |
| 505 0# - FORMATTED CONTENTS NOTE | |
| Formatted contents note | Introduction1: Why We Should Take Moral Uncertainty Seriously2: Maximizing Expected Choice-Worthiness3: Ordinal Theories and the Social Choice Analogy4: Interval-Scale Theories and Variance Voting5: Intertheoretic Comparisons of Choice-Worthiness6: Fanaticism and Incomparability7: Metaethical Implications: Cognitivism Versus Non-Cognitivism8: Practical Ethics Given Moral Uncertainty9: Moral InformationConclusionBibliography<br/> |
| 650 #0 - SUBJECT ADDED ENTRY--TOPICAL TERM | |
| Topical term or geographic name as entry element | Decision making |
| General subdivision | Moral and ethical aspects. |
| 650 #0 - SUBJECT ADDED ENTRY--TOPICAL TERM | |
| Topical term or geographic name as entry element | Uncertainty. |
| 655 ## - INDEX TERM--GENRE/FORM | |
| Genre/form data or focus term | Electronic books |
| 700 1# - ADDED ENTRY--PERSONAL NAME | |
| Personal name | Bykvist, Krister, |
| Relator term | author. |
| 700 1# - ADDED ENTRY--PERSONAL NAME | |
| Personal name | Ord, Toby, |
| Dates associated with a name | 1979- |
| Relator term | author. |
| 856 ## - ELECTRONIC LOCATION AND ACCESS | |
| Uniform Resource Identifier | <a href="https://drive.google.com/file/d/10Bi5OqTifgKsXypt-GkeO_bqrLrGljpo/view?usp=drive_link">https://drive.google.com/file/d/10Bi5OqTifgKsXypt-GkeO_bqrLrGljpo/view?usp=drive_link</a> |
| 942 ## - ADDED ENTRY ELEMENTS (KOHA) | |
| Source of classification or shelving scheme | Library of Congress Classification |
| Item type | eBooks |
| Withdrawn status | Lost status | Source of classification or shelving scheme | Damaged status | Not for loan | Home library | Current library | Date acquired | Inventory number | Total Checkouts | Date last seen | Price effective from | Koha item type |
|---|---|---|---|---|---|---|---|---|---|---|---|---|
| Library of Congress Classification | BSOP Library | Digital Library | 05/16/2024 | eB-01114 | 05/16/2024 | 05/16/2024 | eBooks |
